| 000 | 00330cam a22001337a 4500 | ||
|---|---|---|---|
| 008 | 180718b1995 xxu||||| |||| 00| 0 eng d | ||
| 082 | _aI5372 G223 | ||
| 100 | _aGates, Bill | ||
| 245 |
_aRoad ahead _cby Bill Gates |
||
| 260 |
_aLondon _bViking _c1995 |
||
| 300 | _a286p. | ||
| 650 | _aComputers | ||
| 650 | _aInformation technology | ||
| 999 |
_c379037 _d379037 |
||